000 nam a22 a 4500
999 _c4677
_d4677
003 AKMAL
005 20170727155030.0
008 17 s2017 my | e l 000 0 may d
020 _cRM60.00
082 0 4 _a344.59501252 MAL
_223
090 0 0 _a344.59501252
_bMAL
110 1 _aMalaysia
_9400
245 1 0 _aUndang-Undang pencen di Malaysia :
_b(hingga Januari 2013) /
_cdisusun oleh : Lembaga Penyelidikan Undang-undang
260 _aPudu, Kuala Lumpur
_bMDC Publishers Sdn. Bhd,
_c2017
300 _a131ms. ;
_c24cm.
490 1 _aUndang-undang Malaysia
505 0 _tAkta Pencen 1980 (Akta 227) --
_tPeraturan-Peraturan Pencen 1980 --
_tAkta Penghitungan Semula Pencen 1980 (Akta 228) --
_tAkta Penyelarasan Pencen 1980 (Akta 238) --
_tAkta Pencen Pihak-Pihak Berkuasa Berkanun dan Tempatan 1980 (Akta 239) --
_tPeraturan-Peraturan Pencen Pihak-Pihak Berkuasa Berkanun dan Tempatan 1990 --
_tAkta Kumpulan Wang Persaraan 2007 (Akta 662)
650 1 0 _aPensions
_xLaw and legislation
_zMalaysia
_9438
651 0 _aMalaysia
_xOfficials and employees
_xPensions
_98995
710 2 _aLembaga Penyelidikan Undang-Undang
_98996
710 1 _aMalaysia.
_tAkta Pencen, 1980
_9441
830 0 _aUNDANG-UNDANG MALAYSIA
_98997
942 _2ddc
_cBOOK